000 00748nam a2200229 a 4500
001 000006705
005 20200929153958.0
008 090902t1979 dr ac 001 0 spa d
040 _aDO-SdBNP
_bspa
_cBNPHU
082 _a133.91
_bC352t
100 1 _aCastillo de Díaz, Carmen
_91459
245 1 0 _aTodos somos médiums /
_cCarmen Castillo de Díaz ; prólogo Francisco Javier.
260 _aSanto Domingo, :
_bLa Isabela,
_c1979.
300 _a170 p. :
_bil., retrs. ;
_c21 cm.
490 1 _aLa verdad
590 _aInventariado, 2018/LP
650 4 _aMedium (espiritismo)
_918667
650 4 _aParapsicología
_92394
700 1 _aJavier, Francisco,
_eprólogo
_918668
830 0 _aLa verdad
_918669
910 _aValidado. Control de calidad EMS.
999 _c6494
_d6494